00723nam a2200181Ia 4500008004100000020001800041041000800059082001900067100002600086245011300112260002100225300000800246365001600254700002600270906005300296999001900349952017300368230718s9999 xx 000 0 und d a9781451646672 aeng a658.4'092bPES aPeshawaria R.9192122 aToo Many Bosses, Too Many LeadersbThe Three Essential Principles You need To Become An Extraordinary Leader c2011bFree Press a222 cRs.b450.00 aPeshawaria R.9192122 dO:0186119-Jul-2011B:823817-Jun-2011cMGMTb112.5 c328043d328043 00104070aCCEPbCCEPd2011-07-09eTechnical Book ServicesfMGMTg337.50i8238l0o658.4'092pCCEP-BK-39250r2023-07-18 00:00:00t112.5v450.00w2011-06-17yBKz039250